000 01329cad a22002175a 4500
001 L150080
008 100601s2010 xxkd f 000 0 eng d
035 _a(Sirsi) u150080
041 0 _aeng
050 0 4 _a332.6324 $2 18
110 2 _aDTZ Research
_93886
245 0 0 _aMoney into property Asia Pacific 2010
_bChina closing in on top spot
_h[electronic resource]
260 _aLondon
_bDTZ Research
_c2010
520 _aAsia Pacific invested stock continued to grow in 2009 by 8% in US dollar terms, topping US$3 trillion for the first time. Whereas global annual investment transaction volumes fell by 35% in 2009, Asia Pacific volumes increased by 34% and surpassed the 2006 level. A 12% increase in Asia Pacific invested stock is forecast for 2010 and transaction volumes in this region are expected to go up. China will become the region's largest property market in 2011, overtaking Japan, and become globally the second biggest market. 80% of Asia Pacific markets are currently trading at or below fair value.
521 _aAdvanced
590 _aKA
651 4 _aAsia Pacific
690 _aPROPERTY-COMMERCIAL PROPERTY-COMMERCIAL PROPERTY FINANCE AND INVESTMENT
856 4 0 _uhttps://www.dtz.com/Global/Research/Money+into+Property+2010+Asia+Pacific
_zView the report free of charge at www.dtz.com...
942 _n0
999 _c110726
_d110726